| 000 | 00408nam a2200133Ia 4500 | ||
|---|---|---|---|
| 008 | 260210s9999 xx 000 0 und d | ||
| 024 | _a99-BCS3-008 & 99-BCS3-26 | ||
| 082 | _a658.5072 MAZ | ||
| 100 | _aMazhar Kaunain & Muqaddam Mohd Shoaib | ||
| 245 | 0 | _aSchedule Management System | |
| 260 |
_aKarachi: _bUITU, _c1999 |
||
| 600 | _aComputer Science | ||
| 650 | _aBachelor of Computer Science (BS) | ||
| 999 |
_c31734 _d31734 |
||